[Event "23rd European Teams"]
[Site "Terme Catez SLO"]
[Date "2021.11.16"]
[Round "5.19"]
[Board "2"]
[White "Jessel, Stephen"]
[Black "Muir, Andrew J"]
[Result "1/2-1/2"]
[WhiteTitle "FM"]
[BlackTitle "IM"]
[WhiteElo "2297"]
[BlackElo "2254"]
[WhiteTeam "Ireland"]
[BlackTeam "Scotland"]
[WhiteFideId "628859"]
[BlackFideId "2400138"]
[EventDate "2021.11.12"]

1. Nf3 d5 2. c4 e6 3. g3 Nf6 4. Bg2 dxc4 5. Qc2 c5 6. Ne5 Nbd7 7. Nxc4 Nd5 8.
Nc3 N7f6 9. O-O Be7 10. a3 O-O 11. e4 Nc7 12. d3 b5 13. Na5 Bd7 14. Be3 Ng4 15.
Bd2 Na6 16. Ne2 Rc8 17. h3 Ne5 18. f4 Nc6 19. Nxc6 Bxc6 20. Be3 Qd7 21. Rfd1 b4
22. a4 b3 23. Qxb3 Rb8 24. Qc4 Rxb2 25. d4 Qb7 26. d5 Bd7 27. e5 exd5 28. Bxd5
Bc6 29. Nc3 Nb4 30. Bxc6 Qxc6 31. Nd5 Nxd5 32. Qxd5 Qg6 33. Qf3 Rfb8 34. f5 Qb6
35. Rd7 Bf8 36. e6 fxe6 37. f6 Rb1+ 38. Rxb1 Qxb1+ 39. Kg2 Qb2+ 40. Bf2 Qxf6 41.
Rxa7 c4 42. Qxf6 gxf6 43. Rc7 Rb4 44. Rc8 Rb2 45. Rxc4 Bb4 46. Rc8+ Bf8 47. Rc6
Ra2 48. Rxe6 Bc5 49. Rxf6 Bxf2 50. Rxf2 Rxa4 51. Rf4 Ra3 52. Rg4+ Kh8 53. h4 h6
54. Rg6 Kh7 55. Re6 h5 56. Kf2 Rb3 57. Re3 Rb4 58. Kf3 Kg6 59. Re6+ Kg7 60. Re4
Rb3+ 61. Kf4 Kg6 62. Re6+ Kg7 63. Re3 Rb6 64. Kf5 Rb5+ 65. Re5 Rb3 66. Kf4 Kg6
67. Re6+ Kg7 68. Re3 Rb6 69. Re5 Kg6 70. Rg5+ Kh6 71. Rg8 Rf6+ 72. Ke4 Rf1 73.
Rh8+ Kg6 74. Rg8+ Kh6 75. Rg5 Ra1 76. Rd5 Ra3 77. Rd6+ Kg7 78. Kf4 Ra4+ 79. Kf5
Ra5+ 80. Ke4 Ra3 81. Rd3 Ra5 82. Re3 Kg6 83. Kf4 Ra4+ 84. Re4 Ra3 85. Re6+ Kg7
86. Re5 Kg6 87. Rg5+ Kh6 88. Kf5 Ra5+ 89. Kf6 Ra6+ 90. Kf5 Ra5+ 91. Kf6 Ra6+ 1/2-1/2

[Event "23rd European Teams"]
[Site "Terme Catez SLO"]
[Date "2021.11.18"]
[Round "6.1"]
[Board "1"]
[White "Grischuk, Alexander"]
[Black "Berkes, Ferenc"]
[Result "1/2-1/2"]
[WhiteTitle "GM"]
[BlackTitle "GM"]
[WhiteElo "2773"]
[BlackElo "2676"]
[WhiteTeam "Russia"]
[BlackTeam "Hungary"]
[WhiteFideId "4126025"]
[BlackFideId "718572"]
[EventDate "2021.11.12"]

1. e4 e5 2. Nf3 Nc6 3. Bb5 a6 4. Ba4 Nf6 5. O-O Be7 6. Re1 b5 7. Bb3 O-O 8. h3
Bb7 9. d3 d5 10. exd5 Nxd5 11. Nbd2 Nd4 12. c3 Nxb3 13. Nxb3 c5 14. Nxe5 Qc7 15.
Bd2 Bd6 16. d4 c4 17. Nc5 Bxc5 18. dxc5 Rae8 19. Nf3 Qxc5 20. Nd4 Rxe1+ 21. Qxe1
Nb4 22. cxb4 Qxd4 23. Bc3 Qe4 24. f3 Qxe1+ 25. Rxe1 f6 26. Re6 Rf7 27. Kf2 Rc7
28. g4 Kf7 29. Rb6 Ke8 30. h4 Kd8 31. h5 h6 32. Rd6+ Ke7 33. Rb6 Kd8 34. Rd6+ 1/2-1/2

[Event "23rd European Teams"]
[Site "Terme Catez SLO"]
[Date "2021.11.18"]
[Round "6.1"]
[Board "2"]
[White "Banusz, Tamas"]
[Black "Dubov, Daniil"]
[Result "0-1"]
[WhiteTitle "GM"]
[BlackTitle "GM"]
[WhiteElo "2607"]
[BlackElo "2714"]
[WhiteTeam "Hungary"]
[BlackTeam "Russia"]
[WhiteFideId "722413"]
[BlackFideId "24126055"]
[EventDate "2021.11.12"]

1. Nf3 Nf6 2. g3 b5 3. e3 a6 4. Bg2 Bb7 5. O-O g6 6. b3 Bg7 7. Bb2 O-O 8. c4 c5
9. d4 cxd4 10. exd4 bxc4 11. bxc4 d5 12. c5 Nc6 13. Nbd2 Ne4 14. Re1 Rb8 15. Rb1
Bc8 16. Nxe4 dxe4 17. Ne5 Bxe5 18. dxe5 Bf5 19. Qxd8 Rfxd8 20. g4 Bxg4 21. Bxe4
Bf5 22. Bxf5 gxf5 23. Ba1 Rb5 24. Rbc1 Rd5 25. Re3 Rbxc5 26. Rxc5 Rxc5 27. Rc3
Rxc3 28. Bxc3 f6 29. exf6 e5 30. Kf1 Kf7 31. Ke2 Kxf6 32. Kd3 Ke6 33. Kc4 e4 34.
Kc5 Ne5 35. Kb6 f4 36. Kxa6 f3 37. Bd2 Nc4 38. Be1 Na3 39. Bd2 Kd5 40. Bc1 Kc6 0-1

[Event "23rd European Teams"]
[Site "Terme Catez SLO"]
[Date "2021.11.18"]
[Round "6.1"]
[Board "3"]
[White "Artemiev, Vladislav"]
[Black "Gledura, Benjamin"]
[Result "1/2-1/2"]
[WhiteTitle "GM"]
[BlackTitle "GM"]
[WhiteElo "2699"]
[BlackElo "2635"]
[WhiteTeam "Russia"]
[BlackTeam "Hungary"]
[WhiteFideId "24101605"]
[BlackFideId "712779"]
[EventDate "2021.11.12"]

1. d4 d5 2. c4 c6 3. Nf3 Nf6 4. e3 Bf5 5. Nc3 e6 6. Nh4 Bg6 7. Be2 Nbd7 8. O-O
Bd6 9. g3 O-O 10. Nxg6 hxg6 11. Qc2 Qe7 12. Rd1 a6 13. Bd2 dxc4 14. Bxc4 c5 15.
dxc5 Bxc5 16. Bf1 Rac8 17. Be1 Ne5 18. Bg2 b5 19. Qe2 Rfd8 20. h3 Rxd1 21. Rxd1
Rd8 22. Rxd8+ Qxd8 23. Qd1 Qd3 24. Bb7 a5 25. Qxd3 Nxd3 26. Bd2 Bb4 27. Ba6 Nxb2
28. Bxb5 Nd5 29. Nxd5 Bxd2 30. Nb6 Bb4 31. Kf1 Nd1 32. Na4 Nc3 33. Nxc3 1/2-1/2

[Event "23rd European Teams"]
[Site "Terme Catez SLO"]
[Date "2021.11.18"]
[Round "6.1"]
[Board "4"]
[White "Kantor, Gergely"]
[Black "Esipenko, Andrey"]
[Result "1/2-1/2"]
[WhiteTitle "GM"]
[BlackTitle "GM"]
[WhiteElo "2566"]
[BlackElo "2713"]
[WhiteTeam "Hungary"]
[BlackTeam "Russia"]
[WhiteFideId "751499"]
[BlackFideId "24175439"]
[EventDate "2021.11.12"]

1. d4 Nf6 2. c4 e6 3. Nc3 Bb4 4. Qc2 d5 5. a3 Bxc3+ 6. Qxc3 O-O 7. Nf3 dxc4 8.
Qxc4 b6 9. Bg5 Ba6 10. Qa4 c5 11. dxc5 bxc5 12. Rd1 Qb6 13. Bxf6 gxf6 14. Rd2
Nc6 15. Qg4+ Kh8 16. Qh4 Kg7 17. Qg4+ Kh8 18. Qh4 Kg7 19. Qg4+ Kh8 20. Qh4 Kg7
21. Qg4+ Kh8 22. Qh4 1/2-1/2

[Event "23rd European Teams"]
[Site "Terme Catez SLO"]
[Date "2021.11.18"]
[Round "6.2"]
[Board "1"]
[White "Mamedyarov, Shakhriyar"]
[Black "Sargissian, Gabriel"]
[Result "1/2-1/2"]
[WhiteTitle "GM"]
[BlackTitle "GM"]
[WhiteElo "2765"]
[BlackElo "2664"]
[WhiteTeam "Azerbaijan"]
[BlackTeam "Armenia"]
[WhiteFideId "13401319"]
[BlackFideId "13300881"]
[EventDate "2021.11.12"]

1. d4 Nf6 2. c4 e6 3. Nc3 Bb4 4. Qc2 O-O 5. e4 d5 6. e5 Ne4 7. Nf3 c5 8. Bd3
cxd4 9. Nxd4 Nd7 10. Bxe4 dxe4 11. Qxe4 Qa5 12. O-O Qxe5 13. Qh4 a6 14. Nf3 Qf5
15. Rd1 Re8 16. Ne4 e5 17. c5 Bxc5 18. Nxc5 e4 19. Nxe4 Qxe4 20. Qxe4 Rxe4 21.
h3 Re8 22. b3 Nf8 23. Be3 Be6 24. Nd4 Bd7 25. Rac1 Rac8 26. Rxc8 Rxc8 27. Rc1
Rxc1+ 28. Bxc1 Ne6 29. Nxe6 Bxe6 30. f3 f6 31. Kf2 1/2-1/2

[Event "23rd European Teams"]
[Site "Terme Catez SLO"]
[Date "2021.11.18"]
[Round "6.2"]
[Board "2"]
[White "Martirosyan, Haik M."]
[Black "Radjabov, Teimour"]
[Result "1/2-1/2"]
[WhiteTitle "GM"]
[BlackTitle "GM"]
[WhiteElo "2624"]
[BlackElo "2763"]
[WhiteTeam "Armenia"]
[BlackTeam "Azerbaijan"]
[WhiteFideId "13306553"]
[BlackFideId "13400924"]
[EventDate "2021.11.12"]

1. d4 Nf6 2. c4 e6 3. Nf3 d5 4. Nc3 c5 5. cxd5 cxd4 6. Qxd4 exd5 7. e4 dxe4 8.
Qxd8+ Kxd8 9. Ng5 Be6 10. Nxe6+ fxe6 11. Bg5 h6 12. O-O-O+ Ke7 13. Bxf6+ gxf6
14. Nxe4 Bg7 15. Bb5 f5 16. Ng3 Rc8+ 17. Kb1 Rc5 18. Ba4 Nc6 19. Rhe1 Rd8 20.
Rxd8 Nxd8 21. f4 a5 22. Bc2 Kf7 23. Rd1 Ke7 24. Re1 Kf7 25. Rd1 Ke7 26. Re1 1/2-1/2

[Event "23rd European Teams"]
[Site "Terme Catez SLO"]
[Date "2021.11.18"]
[Round "6.2"]
[Board "3"]
[White "Mamedov, Rauf"]
[Black "Hovhannisyan, Robert"]
[Result "1/2-1/2"]
[WhiteTitle "GM"]
[BlackTitle "GM"]
[WhiteElo "2673"]
[BlackElo "2622"]
[WhiteTeam "Azerbaijan"]
[BlackTeam "Armenia"]
[WhiteFideId "13401653"]
[BlackFideId "13302507"]
[EventDate "2021.11.12"]

1. e4 e5 2. Nf3 Nc6 3. Bc4 Bc5 4. Nc3 Nf6 5. d3 h6 6. a3 a6 7. Be3 d6 8. Nd5 O-O
9. Qe2 Nxd5 10. Bxd5 Bxe3 11. fxe3 Be6 12. Bxe6 fxe6 13. O-O-O Rf7 14. h4 d5 15.
g4 g6 16. g5 h5 17. d4 exd4 18. Nxd4 Nxd4 19. Rxd4 c6 20. exd5 exd5 21. c4 Qd6
22. cxd5 cxd5 23. Rhd1 Qc5+ 24. Kb1 Re8 25. Qd3 Kh7 26. Qb3 Rfe7 27. Rc1 Qd6 28.
Rxd5 Qg3 29. Rd4 Qxe3 30. Qxe3 Rxe3 31. Rc7+ R8e7 32. Rdd7 Rxd7 33. Rxd7+ Kg8
34. Rxb7 Re4 35. Rb6 a5 36. b4 Rxh4 37. bxa5 Ra4 38. a6 Rxa3 39. Kb2 Ra5 40. Kb3
h4 41. Rxg6+ Kf7 42. Rh6 h3 43. Kb4 Ra2 44. Rh7+ Kg8 45. Rxh3 Rxa6 46. Rh6 Rxh6
47. gxh6 Kh7 48. Kc4 Kxh6 1/2-1/2

[Event "23rd European Teams"]
[Site "Terme Catez SLO"]
[Date "2021.11.18"]
[Round "6.2"]
[Board "4"]
[White "Ter-Sahakyan, Samvel"]
[Black "Abasov, Nijat"]
[Result "1/2-1/2"]
[WhiteTitle "GM"]
[BlackTitle "GM"]
[WhiteElo "2615"]
[BlackElo "2634"]
[WhiteTeam "Armenia"]
[BlackTeam "Azerbaijan"]
[WhiteFideId "13302531"]
[BlackFideId "13402960"]
[EventDate "2021.11.12"]

1. e4 e5 2. Nf3 Nc6 3. Bb5 a6 4. Ba4 Nf6 5. O-O Nxe4 6. d4 b5 7. Bb3 d5 8. dxe5
Be6 9. Nbd2 Nc5 10. c3 d4 11. Bxe6 Nxe6 12. cxd4 Ncxd4 13. a4 Bb4 14. axb5 Nxb5
15. Qa4 Bxd2 16. Bxd2 O-O 17. Be3 c5 18. Rfd1 Qe7 19. h4 Rfe8 20. h5 h6 21. Qg4
Kh8 22. Nd2 Ned4 23. Nc4 f6 24. Nd6 Nxd6 25. exd6 Qxd6 26. Bxd4 cxd4 27. Rxd4
Qe6 28. Qxe6 Rxe6 29. b4 Rb8 30. Ra5 Reb6 31. f3 Rxb4 1/2-1/2

[Event "23rd European Teams"]
[Site "Terme Catez SLO"]
[Date "2021.11.18"]
[Round "6.3"]
[Board "1"]
[White "Korobov, Anton"]
[Black "Giri, Anish"]
[Result "1/2-1/2"]
[WhiteTitle "GM"]
[BlackTitle "GM"]
[WhiteElo "2684"]
[BlackElo "2774"]
[WhiteTeam "Ukraine"]
[BlackTeam "Netherlands"]
[WhiteFideId "14105730"]
[BlackFideId "24116068"]
[EventDate "2021.11.12"]

1. d4 Nf6 2. c4 e6 3. Nf3 d5 4. Nc3 Bb4 5. cxd5 exd5 6. Bg5 h6 7. Bh4 O-O 8. e3
Bf5 9. Ne5 c5 10. Bd3 cxd4 11. exd4 Bxd3 12. Qxd3 Qd6 13. Bxf6 Qxf6 14. O-O Bxc3
15. Qxc3 Re8 16. Rfe1 Nc6 17. Nxc6 Qxc6 18. Qxc6 bxc6 19. Rxe8+ Rxe8 20. Kf1 a5
21. Rc1 Rb8 22. b3 Rb6 23. Rc5 a4 24. bxa4 Rb1+ 25. Ke2 Rb2+ 26. Kd3 Rxa2 27.
Rxc6 Ra3+ 28. Rc3 Rxa4 29. Rc5 Ra3+ 30. Ke2 Ra2+ 31. Kf3 Ra3+ 32. Kg4 h5+ 33.
Kf4 Ra2 34. Kg3 h4+ 35. Kf3 Ra3+ 36. Ke2 Ra2+ 1/2-1/2

[Event "23rd European Teams"]
[Site "Terme Catez SLO"]
[Date "2021.11.18"]
[Round "6.3"]
[Board "2"]
[White "Van Foreest, Jorden"]
[Black "Volokitin, Andrei"]
[Result "1/2-1/2"]
[WhiteTitle "GM"]
[BlackTitle "GM"]
[WhiteElo "2701"]
[BlackElo "2656"]
[WhiteTeam "Netherlands"]
[BlackTeam "Ukraine"]
[WhiteFideId "1039784"]
[BlackFideId "14107090"]
[EventDate "2021.11.12"]

1. Nf3 Nf6 2. c4 c5 3. Nc3 d5 4. cxd5 Nxd5 5. e4 Nb4 6. Bc4 Nd3+ 7. Bxd3 Qxd3 8.
Ne5 Qd4 9. f4 Nc6 10. Nxc6 bxc6 11. Qa4 Qxa4 12. Nxa4 e5 13. fxe5 c4 14. b3 Be6
15. Bb2 Rd8 16. Rf1 cxb3 17. axb3 Bxb3 18. Rf3 Be6 19. Ba3 Rd4 20. Nc3 Bxa3 21.
Rxa3 O-O 22. Rxa7 Rfd8 23. Rf2 Rc4 24. h3 h5 25. Ra5 Kh7 26. Ra6 Rc5 27. Rf3 Rc4
28. Rb6 Rcd4 29. Rb2 c5 30. Re3 Bc4 31. Na4 Re8 32. e6 Rxe6 33. d3 Bxd3 34. Nxc5
Red6 35. e5 R6d5 36. Nxd3 Rxd3 37. Rxd3 Rxd3 38. Re2 Rd8 39. e6 fxe6 1/2-1/2

[Event "23rd European Teams"]
[Site "Terme Catez SLO"]
[Date "2021.11.18"]
[Round "6.3"]
[Board "3"]
[White "Shevchenko, Kirill"]
[Black "Warmerdam, Max"]
[Result "1/2-1/2"]
[WhiteTitle "GM"]
[BlackTitle "GM"]
[WhiteElo "2647"]
[BlackElo "2608"]
[WhiteTeam "Ukraine"]
[BlackTeam "Netherlands"]
[WhiteFideId "14129574"]
[BlackFideId "1048104"]
[EventDate "2021.11.12"]

1. c4 e6 2. Nc3 d5 3. d4 c5 4. cxd5 cxd4 5. Qa4+ Bd7 6. Qxd4 exd5 7. Qxd5 Nf6 8.
Qb3 Na6 9. e3 Nc5 10. Qd1 Nce4 11. Nge2 Rc8 12. g3 Bb4 13. Bg2 Bb5 14. Qxd8+
Rxd8 15. a3 Bxc3+ 16. Nxc3 Nxc3 17. bxc3 Nd7 18. Rb1 Bc4 19. Bf3 Ne5 20. Be2 Bd5
21. O-O Nf3+ 22. Bxf3 Bxf3 23. e4 Rd7 24. Re1 O-O 25. Be3 Bxe4 26. Rb4 f5 27.
Bxa7 Ra8 28. Bc5 Rc7 29. Bd4 Rxa3 30. Rb5 h6 31. g4 Rf7 32. h3 Ra6 33. Kh2 Rg6
34. Re5 h5 35. g5 h4 36. Ra5 Rd7 37. f3 Bxf3 38. Rxf5 Bc6 39. Re8+ Kh7 40. Ree5
Rdd6 41. Rf7 Rd5 42. Rxd5 Bxd5 43. Rf5 Rd6 44. Rf4 Kg6 45. Rxh4 Kxg5 46. Rg4+
Kf5 47. Kg3 1/2-1/2

[Event "23rd European Teams"]
[Site "Terme Catez SLO"]
[Date "2021.11.18"]
[Round "6.3"]
[Board "4"]
[White "Van den Doel, Erik"]
[Black "Onyshchuk, Volodymyr"]
[Result "1/2-1/2"]
[WhiteTitle "GM"]
[BlackTitle "GM"]
[WhiteElo "2594"]
[BlackElo "2622"]
[WhiteTeam "Netherlands"]
[BlackTeam "Ukraine"]
[WhiteFideId "1003720"]
[BlackFideId "14114038"]
[EventDate "2021.11.12"]

1. e4 d6 2. d4 Nf6 3. Nc3 g6 4. Be3 a6 5. h3 Nbd7 6. Nf3 e5 7. dxe5 dxe5 8. Bc4
h6 9. a4 Bb4 10. O-O Qe7 11. Nd2 g5 12. Re1 Kf8 13. Qf3 Bxc3 14. bxc3 Ne8 15.
Nf1 Ndf6 16. Bc1 Nd6 17. Ba3 Bd7 18. Bd3 Rc8 19. c4 c5 20. Bb2 g4 21. Qg3 Re8
22. hxg4 h5 23. g5 Ng4 24. Qh4 f6 25. gxf6 Nxf6 26. f4 Nf7 27. Ne3 Ng4 28. Qxe7+
Kxe7 29. fxe5 Nxe3 30. Rxe3 Be6 31. Rb1 Kd7 32. Bc3 Kc8 33. Rf3 Nd8 34. Kf2 Nc6
35. Rh1 Bg4 36. Rf6 Rhg8 37. Rd6 Nxe5 38. Bxe5 Rxe5 39. Rd5 Reg5 40. Ke3 Bd7 41.
Rxh5 Rg3+ 42. Kf4 R3g4+ 43. Ke5 Re8+ 44. Kf6 Rf8+ 45. Ke7 Re8+ 46. Kd6 b6 47.
Rdg5 Rf4 48. Rh6 Bxa4 49. Rg7 Rf2 50. Ra7 Rd8+ 51. Ke5 Re8+ 52. Re6 Rxe6+ 53.
Kxe6 Rxg2 54. e5 Bxc2 55. Bxc2 Rxc2 56. Kd5 b5 57. e6 Kd8 58. e7+ Ke8 59. Kd6
Rd2+ 60. Kxc5 bxc4 1/2-1/2

[Event "23rd European Teams"]
[Site "Terme Catez SLO"]
[Date "2021.11.18"]
[Round "6.4"]
[Board "2"]
[White "Anton Guijarro, David"]
[Black "Lupulescu, Constantin"]
[Result "1/2-1/2"]
[WhiteTitle "GM"]
[BlackTitle "GM"]
[WhiteElo "2669"]
[BlackElo "2624"]
[WhiteTeam "Spain"]
[BlackTeam "Romania"]
[WhiteFideId "2285525"]
[BlackFideId "1207822"]
[EventDate "2021.11.12"]

1. c4 e6 2. Nc3 d5 3. d4 a6 4. cxd5 exd5 5. Nf3 c6 6. Bf4 Bd6 7. Bxd6 Qxd6 8. e3
Ne7 9. Bd3 Nd7 10. Qc2 Nf6 11. h3 g6 12. g4 c5 13. dxc5 Qxc5 14. O-O-O O-O 15.
Kb1 Bd7 16. Nd4 b5 17. f3 b4 18. Nce2 Qb6 19. Nf4 Bb5 20. Qd2 Bxd3+ 21. Nxd3 a5
22. h4 h5 23. gxh5 Nxh5 24. Nf4 Nxf4 25. exf4 Rfd8 26. h5 Nf5 27. Nxf5 gxf5 28.
Qd3 b3 29. Qxf5 bxa2+ 30. Ka1 Rab8 31. Rh2 Qe6 32. Rg2+ Kh8 33. Qxe6 fxe6 34.
Rg6 Rb4 35. Rdg1 Kh7 36. Rg7+ Kh8 37. R7g6 Kh7 38. Rg7+ Kh8 39. Re7 Rxf4 40.
Rxe6 Kh7 41. Re7+ Kh6 42. Re5 Rxf3 43. Rg6+ Kh7 44. Re7+ Kh8 45. Rgg7 Rh3 46.
Rh7+ Kg8 47. Reg7+ Kf8 48. Rg6 Re8 49. h6 Re7 50. Rh8+ Kf7 51. Ra6 Re6 52. Ra7+
Kf6 53. h7 Ke5 54. Rd8 Reh6 55. Rxa5 Rxh7 56. Raxd5+ Ke4 57. R5d7 Rxd7 58. Rxd7
Rh8 59. Kxa2 Ra8+ 60. Kb1 Rb8 61. Rd2 Ke3 62. Kc1 Rc8+ 63. Rc2 Rb8 64. Rc4 Kd3
65. Ra4 Rc8+ 66. Kb1 Rc4 67. Ra5 Rb4 68. Rc5 Kd4 69. Rh5 Kc4 70. Kc2 Rb8 71.
Rh4+ 1/2-1/2

[Event "23rd European Teams"]
[Site "Terme Catez SLO"]
[Date "2021.11.18"]
[Round "6.4"]
[Board "3"]
[White "Parligras, Mircea-Emilian"]
[Black "Santos Latasa, Jaime"]
[Result "1/2-1/2"]
[WhiteTitle "GM"]
[BlackTitle "GM"]
[WhiteElo "2576"]
[BlackElo "2633"]
[WhiteTeam "Romania"]
[BlackTeam "Spain"]
[WhiteFideId "1204297"]
[BlackFideId "2293307"]
[EventDate "2021.11.12"]

1. d4 Nf6 2. c4 e6 3. Nf3 d5 4. Nc3 c6 5. e3 Nbd7 6. Qc2 Bd6 7. Bd3 O-O 8. O-O
dxc4 9. Bxc4 b5 10. Be2 Bb7 11. Rd1 Qc7 12. Bd2 b4 13. Na4 c5 14. dxc5 a5 15.
Rac1 Rac8 16. Be1 Nxc5 17. Nxc5 Bxc5 18. Rd4 Qb8 19. Rc4 Bd6 20. Qa4 Rxc4 21.
Rxc4 Bd5 22. Rc1 Qa8 23. a3 h6 24. h3 Rb8 25. Ra1 Qb7 26. axb4 axb4 27. Qa6 Qc7
28. Qd3 Ne4 29. Nd4 Bh2+ 30. Kh1 Be5 31. Kg1 Rc8 32. Bf3 Qb7 33. Qd1 Nf6 34.
Bxd5 Nxd5 35. Qd3 Qb6 36. Rd1 Qc5 37. Qb3 Bxd4 38. Rxd4 Qc1 39. Rd1 Qc2 40. Qxc2
Rxc2 41. e4 Nf6 42. Rd4 Rxb2 43. Bxb4 1/2-1/2

[Event "23rd European Teams"]
[Site "Terme Catez SLO"]
[Date "2021.11.18"]
[Round "6.4"]
[Board "4"]
[White "Santos Ruiz, Miguel"]
[Black "Gavrilescu, David"]
[Result "1/2-1/2"]
[WhiteTitle "GM"]
[BlackTitle "IM"]
[WhiteElo "2603"]
[BlackElo "2514"]
[WhiteTeam "Spain"]
[BlackTeam "Romania"]
[WhiteFideId "22291482"]
[BlackFideId "1227190"]
[EventDate "2021.11.12"]

1. Nf3 d5 2. g3 Nf6 3. c4 e6 4. Bg2 Be7 5. O-O O-O 6. b3 b6 7. Bb2 Bb7 8. e3
dxc4 9. bxc4 c5 10. Qe2 Nc6 11. Rd1 Qc7 12. Nc3 a6 13. Ne1 Na5 14. d3 Bxg2 15.
Nxg2 Rfd8 16. f4 Qb7 17. a4 Ne8 18. f5 exf5 19. Rf1 Nd6 20. g4 b5 21. axb5 axb5
22. cxb5 c4 23. Rad1 cxd3 24. Rxd3 Ndc4 25. Ba1 Rxd3 26. Qxd3 Rd8 27. Qxf5 Qxg2+
28. Kxg2 Nxe3+ 29. Kf3 Nxf5 30. gxf5 Nb3 31. Ne4 Rb8 32. Bxg7 1/2-1/2

[Event "23rd European Teams"]
[Site "Terme Catez SLO"]
[Date "2021.11.18"]
[Round "6.5"]
[Board "1"]
[White "Firouzja, Alireza"]
[Black "Mastrovasilis, Dimitrios"]
[Result "1-0"]
[WhiteTitle "GM"]
[BlackTitle "GM"]
[WhiteElo "2770"]
[BlackElo "2619"]
[WhiteTeam "France"]
[BlackTeam "Greece"]
[WhiteFideId "12573981"]
[BlackFideId "4202694"]
[EventDate "2021.11.12"]

1. e4 c5 2. Nf3 e6 3. d4 cxd4 4. Nxd4 Nc6 5. Nc3 Qc7 6. Be2 a6 7. Nxc6 bxc6 8.
Qd3 Nf6 9. Qg3 Qxg3 10. hxg3 d5 11. exd5 cxd5 12. Bf4 Bb4 13. Be5 Ke7 14. g4 Bb7
15. a3 Bd6 16. Bxd6+ Kxd6 17. g5 Nd7 18. O-O-O h6 19. gxh6 Rxh6 20. Rxh6 gxh6
21. g3 f5 22. Rd4 Nf6 23. Rb4 Kc7 24. Rh4 Rh8 25. f3 e5 26. Na4 a5 27. Nc5 Bc6
28. f4 e4 29. Nb3 Kb6 30. Nd4 Bd7 31. Bh5 Rg8 32. Bf7 Rg7 33. Be6 Bxe6 34. Rxh6
Bd7 35. Rxf6+ Kc5 36. Nb3+ Kc4 37. Nxa5+ Kd4 38. Rd6 Bb5 39. Rb6 Be8 40. Kd2 e3+
41. Ke1 Ke4 42. Re6+ Kf3 43. Nb3 Bg6 44. Nd4+ Kxg3 45. Rxe3+ Kxf4 46. Kf2 Bf7
47. Ne2+ Kg5 48. Rg3+ Kf6 49. Rxg7 Kxg7 50. Ke3 1-0

[Event "23rd European Teams"]
[Site "Terme Catez SLO"]
[Date "2021.11.18"]
[Round "6.5"]
[Board "2"]
[White "Banikas, Hristos"]
[Black "Vachier-Lagrave, Maxime"]
[Result "1/2-1/2"]
[WhiteTitle "GM"]
[BlackTitle "GM"]
[WhiteElo "2592"]
[BlackElo "2766"]
[WhiteTeam "Greece"]
[BlackTeam "France"]
[WhiteFideId "4202031"]
[BlackFideId "623539"]
[EventDate "2021.11.12"]

1. d4 d5 2. c4 c6 3. cxd5 cxd5 4. Bf4 Nc6 5. e3 Nf6 6. Nc3 Bf5 7. Qb3 Na5 8.
Qa4+ Bd7 9. Qd1 e6 10. Nf3 Rc8 11. Bd3 Nc4 12. Qe2 Qa5 13. O-O Nxb2 14. Qxb2
Qxc3 15. Qe2 Be7 16. Ne5 O-O 17. Rab1 Bc6 18. Rb3 Qa5 19. Nxc6 bxc6 20. Rb7 Qd8
21. Rxa7 c5 22. Ba6 Ra8 23. Rxa8 Qxa8 24. dxc5 Ne4 25. Bd3 Nxc5 26. Bb1 Qa3 27.
Be5 Ra8 28. h3 g6 29. Rd1 Qb4 30. Bd4 Nd7 31. Bd3 Bf6 32. Bb5 Bxd4 33. Rxd4 Qd6
34. Bxd7 Qxd7 35. Qb2 Qc7 36. Rb4 Rc8 37. g3 Qc1+ 38. Qxc1 Rxc1+ 39. Kg2 Kg7 40.
a4 Rc2 1/2-1/2

[Event "23rd European Teams"]
[Site "Terme Catez SLO"]
[Date "2021.11.18"]
[Round "6.5"]
[Board "3"]
[White "Bacrot, Etienne"]
[Black "Pavlidis, Antonios"]
[Result "1-0"]
[WhiteTitle "GM"]
[BlackTitle "GM"]
[WhiteElo "2647"]
[BlackElo "2536"]
[WhiteTeam "France"]
[BlackTeam "Greece"]
[WhiteFideId "605506"]
[BlackFideId "4212312"]
[EventDate "2021.11.12"]

1. Nf3 d5 2. g3 Nd7 3. d4 Nb6 4. Nc3 Bf5 5. Bg2 e6 6. O-O Be7 7. Bf4 c6 8. Nd2
Nf6 9. e4 dxe4 10. Ndxe4 O-O 11. Re1 Nxe4 12. Nxe4 Nd5 13. Bc1 Nf6 14. Nxf6+
Bxf6 15. c3 a5 16. Qb3 Qd7 17. a4 h6 18. Bf4 Rfd8 19. Rad1 Qe7 20. h3 Rd7 21. g4
Bh7 22. d5 cxd5 23. Rxd5 exd5 24. Rxe7 Rxe7 25. Bxd5 Be4 26. Bxe4 Rxe4 27. Qxb7
Rae8 28. Qb5 Bg5 29. Bxg5 R4e5 30. Qd7 hxg5 31. b4 R5e7 32. Qd2 Re4 33. Qd6 R4e6
34. Qc7 axb4 35. cxb4 Re4 36. Qa5 Re1+ 37. Kg2 Rb1 38. b5 Rb2 39. Qb6 Kh7 40.
Qd4 Ree2 41. b6 Red2 42. Qc5 g6 43. a5 Rdc2 44. Qd4 1-0

[Event "23rd European Teams"]
[Site "Terme Catez SLO"]
[Date "2021.11.18"]
[Round "6.5"]
[Board "4"]
[White "Kelires, Andreas"]
[Black "Moussard, Jules"]
[Result "1/2-1/2"]
[WhiteTitle "GM"]
[BlackTitle "GM"]
[WhiteElo "2535"]
[BlackElo "2632"]
[WhiteTeam "Greece"]
[BlackTeam "France"]
[WhiteFideId "5900727"]
[BlackFideId "642908"]
[EventDate "2021.11.12"]

1. d4 Nf6 2. c4 e6 3. Nf3 d5 4. g3 Bb4+ 5. Nc3 dxc4 6. Bg2 Nc6 7. O-O O-O 8. Qa4
Nd5 9. Qc2 Be7 10. Rd1 Rb8 11. e4 Ndb4 12. Qe2 Nd3 13. Be3 a6 14. b3 b5 15. Rab1
Bd7 16. h3 Na5 17. bxc4 bxc4 18. Ne5 Rxb1 19. Rxb1 Nxe5 20. dxe5 c5 21. f4 Qc7
22. Kh2 Rb8 23. Rd1 Rd8 24. Bf1 Be8 25. Rxd8 Bxd8 26. Qc2 Be7 27. Qb2 Bc6 28.
Be2 Bb7 29. h4 h6 30. h5 f6 31. Qd2 fxe5 32. f5 Qd6 33. fxe6 Qxd2 34. Bxd2 Kf8
35. Kg2 Bd6 36. Kf2 Nc6 37. Bxc4 Nd4 38. Ke3 Bc8 39. Nd5 Ke8 40. a4 Bb7 41. Nc3
Ke7 42. Kd3 Nxe6 43. Nd5+ Ke8 44. Nb6 Nc7 45. Bb3 Kd8 46. Ba5 Ne8 47. Bd5 Bxd5
48. Nxd5+ Kd7 49. Bc3 Bb8 50. Bb2 Ke6 51. Ba3 Ba7 52. g4 Nd6 53. Ne3 Kf6 54. Bc1
Ke6 55. Nc4 Ne8 56. g5 hxg5 57. Bxg5 Bb8 58. Ne3 Bd6 59. h6 gxh6 60. Bxh6 Nf6
61. Bg5 Nh5 62. Nf5 Bf8 63. Kc4 Nf4 64. Bh6 Bxh6 65. Nxh6 Ne2 66. Kxc5 Nc3 67.
Ng4 Nxa4+ 68. Kb4 Nb6 69. Ka5 Nc4+ 70. Kxa6 Nd6 71. Nxe5 Nxe4 1/2-1/2